00780nam a2200217 a 4500999001500000001000600015003000900021005001700030008004100047040003800088082002400126245007200150260007200222300002200294505001200316546002500328650002100353710005400374942001200428952012200440 c1389d138910998BD-DhUAP20210120151944.0200206s2007 bg l f001 0 eng d aBD-DhUAPcBD-DhUAPdBD-DhUAPbEng00a348.5492022 BAN22314aThe Bangladesh code :bP. O. No. 77 of 1972 to act No. VII of 1973. aDhaka :bMinistry of Law, Justice and Parliamentary Affairs,c2007. avolumes ;c24 cm. aV. 16-- aEnglish and Bengali. 0aLawzBangladesh. aGovernment of the peoples republic of Bangladesh. 2ddccBK 00102ddc4070aUAPCLbUAPCLcGeneral Stacksd2020-02-06o348.5492022 BANp3010010998r2020-02-06t1w2020-02-06yBK